<?xml version="1.0" encoding="UTF-8"?>
<record
    xmlns:xsi="http://www.w3.org/2001/XMLSchema-instance"
    xsi:schemaLocation="http://www.loc.gov/MARC21/slim http://www.loc.gov/standards/marcxml/schema/MARC21slim.xsd"
    xmlns="http://www.loc.gov/MARC21/slim">

  <leader>01771nam0a22003731  4500</leader>
  <controlfield tag="001">RU\INFOCOMM_322\NLR\5000101192</controlfield>
  <controlfield tag="005">20250613104900.0</controlfield>
  <datafield tag="035" ind1=" " ind2=" ">
    <subfield code="a">(NLR Aleph) 009515209</subfield>
  </datafield>
  <datafield tag="090" ind1=" " ind2=" ">
    <subfield code="a">8791898</subfield>
    <subfield code="c">8791898</subfield>
  </datafield>
  <datafield tag="100" ind1=" " ind2=" ">
    <subfield code="a">20121211d1986    |||y0rusy50      ca</subfield>
  </datafield>
  <datafield tag="101" ind1="0" ind2=" ">
    <subfield code="a">eng</subfield>
  </datafield>
  <datafield tag="102" ind1=" " ind2=" ">
    <subfield code="a">RU</subfield>
  </datafield>
  <datafield tag="105" ind1=" " ind2=" ">
    <subfield code="a">y   z   |||||</subfield>
  </datafield>
  <datafield tag="200" ind1="1" ind2=" ">
    <subfield code="a">QCD suggested high-energy asymptotics of the diffraction proton-proton scattering and the cosmic ray data</subfield>
    <subfield code="e">Submitted to All-Union school on inelastic hadron interactions beyond accelerator energies (Nor-Amberd, 1985)</subfield>
    <subfield code="f">B. Z. Kopeliovich, N. N. Nikolaev, I. K. Potashnikova</subfield>
  </datafield>
  <datafield tag="210" ind1=" " ind2=" ">
    <subfield code="a">&#x414;&#x443;&#x431;&#x43D;&#x430;</subfield>
    <subfield code="c">&#x41E;&#x431;&#x44A;&#x435;&#x434;. &#x438;&#x43D;-&#x442; &#x44F;&#x434;&#x435;&#x440;. &#x438;&#x441;&#x441;&#x43B;&#x435;&#x434;.</subfield>
    <subfield code="d">1986</subfield>
  </datafield>
  <datafield tag="215" ind1=" " ind2=" ">
    <subfield code="a">24 &#x441;.</subfield>
    <subfield code="c">&#x438;&#x43B;.</subfield>
    <subfield code="d">22 &#x441;&#x43C;</subfield>
  </datafield>
  <datafield tag="225" ind1="1" ind2=" ">
    <subfield code="a">&#x41E;&#x431;&#x44A;&#x435;&#x434;&#x438;&#x43D;&#x435;&#x43D;&#x43D;&#x44B;&#x439; &#x438;&#x43D;&#x441;&#x442;&#x438;&#x442;&#x443;&#x442; &#x44F;&#x434;&#x435;&#x440;&#x43D;&#x44B;&#x445; &#x438;&#x441;&#x441;&#x43B;&#x435;&#x434;&#x43E;&#x432;&#x430;&#x43D;&#x438;&#x439;, &#x414;&#x443;&#x431;&#x43D;&#x430;</subfield>
    <subfield code="v">&#x415;2-86-125</subfield>
  </datafield>
  <datafield tag="300" ind1=" " ind2=" ">
    <subfield code="a">&#x41D;&#x430; 3-&#x439; &#x441;. &#x43E;&#x431;&#x43B;.: &#x414;&#x438;&#x444;&#x440;&#x430;&#x43A;&#x446;&#x438;&#x43E;&#x43D;&#x43D;&#x43E;&#x435; &#x440;&#x430;&#x441;&#x441;&#x435;&#x44F;&#x43D;&#x438;&#x435; &#x430;&#x434;&#x440;&#x43E;&#x43D;&#x43E;&#x432; &#x438; &#x44F;&#x434;&#x435;&#x440; &#x432; &#x440;&#x430;&#x43C;&#x43A;&#x430;&#x445; &#x43F;&#x440;&#x435;&#x434;&#x441;&#x442;&#x430;&#x432;&#x43B;&#x435;&#x43D;&#x438;&#x439; &#x41A;&#x425;&#x414; / &#x41A;&#x43E;&#x43F;&#x435;&#x43B;&#x438;&#x43E;&#x432;&#x438;&#x447; &#x411;. &#x417;., &#x41D;&#x438;&#x43A;&#x43E;&#x43B;&#x430;&#x435;&#x432; &#x41D;. &#x41D;., &#x41F;&#x43E;&#x442;&#x430;&#x448;&#x43D;&#x438;&#x43A;&#x43E;&#x432;&#x430; &#x418;. &#x41A;.</subfield>
  </datafield>
  <datafield tag="300" ind1=" " ind2=" ">
    <subfield code="a">&#x420;&#x435;&#x437;. &#x43D;&#x430; &#x440;&#x443;&#x441;. &#x44F;&#x437;.</subfield>
  </datafield>
  <datafield tag="320" ind1=" " ind2=" ">
    <subfield code="a">&#x411;&#x438;&#x431;&#x43B;&#x438;&#x43E;&#x433;&#x440;.: &#x441;. 23-24</subfield>
  </datafield>
  <datafield tag="606" ind1="0" ind2=" ">
    <subfield code="a">&#x410;&#x434;&#x440;&#x43E;&#x43D;&#x44B;</subfield>
    <subfield code="x">&#x420;&#x430;&#x441;&#x441;&#x435;&#x44F;&#x43D;&#x438;&#x435;</subfield>
    <subfield code="2">nlr_sh1</subfield>
  </datafield>
  <datafield tag="606" ind1="0" ind2=" ">
    <subfield code="a">&#x410;&#x442;&#x43E;&#x43C;&#x43D;&#x43E;&#x435; &#x44F;&#x434;&#x440;&#x43E;</subfield>
    <subfield code="x">&#x420;&#x430;&#x441;&#x441;&#x435;&#x44F;&#x43D;&#x438;&#x435;</subfield>
    <subfield code="2">nlr_sh1</subfield>
  </datafield>
  <datafield tag="686" ind1=" " ind2=" ">
    <subfield code="a">&#x412;382.145</subfield>
    <subfield code="2">rubbk</subfield>
  </datafield>
  <datafield tag="686" ind1=" " ind2=" ">
    <subfield code="a">&#x412;383.519</subfield>
    <subfield code="2">rubbk</subfield>
  </datafield>
  <datafield tag="700" ind1=" " ind2="1">
    <subfield code="9">z01790</subfield>
    <subfield code="a">Kopeliovi&#x10D;</subfield>
    <subfield code="b">B. Z.</subfield>
    <subfield code="g">Boris Zinov'evi&#x10D;</subfield>
  </datafield>
  <datafield tag="701" ind1=" " ind2="1">
    <subfield code="a">Nikolaev</subfield>
    <subfield code="b">N. N.</subfield>
    <subfield code="g">Nikolaj Nikolaevi&#x10D;</subfield>
  </datafield>
  <datafield tag="701" ind1=" " ind2="1">
    <subfield code="9">z02790</subfield>
    <subfield code="a">Pota&#x161;nikova</subfield>
    <subfield code="b">I. K.</subfield>
    <subfield code="g">Irina Karlovna</subfield>
  </datafield>
  <datafield tag="790" ind1=" " ind2="1">
    <subfield code="9">z01700</subfield>
    <subfield code="a">Kopeliovich</subfield>
    <subfield code="b">B. Z.</subfield>
    <subfield code="4">070</subfield>
  </datafield>
  <datafield tag="790" ind1=" " ind2="1">
    <subfield code="9">z02701</subfield>
    <subfield code="a">Potashnikova</subfield>
    <subfield code="b">I. K.</subfield>
    <subfield code="4">070</subfield>
  </datafield>
  <datafield tag="801" ind1=" " ind2="1">
    <subfield code="a">RU</subfield>
    <subfield code="b">NLR</subfield>
    <subfield code="c">20121211</subfield>
  </datafield>
  <datafield tag="801" ind1=" " ind2="0">
    <subfield code="a">RU</subfield>
    <subfield code="b">INFOCOMM</subfield>
    <subfield code="g">PSBO</subfield>
  </datafield>
  <datafield tag="852" ind1=" " ind2=" ">
    <subfield code="a">NLR</subfield>
    <subfield code="j">&#x424;&#x437;01 &#x414;-6/408</subfield>
  </datafield>
  <datafield tag="942" ind1=" " ind2=" ">
    <subfield code="c">BOOK</subfield>
  </datafield>
  <datafield tag="980" ind1=" " ind2=" ">
    <subfield code="a">NB</subfield>
  </datafield>
  <datafield tag="995" ind1=" " ind2=" ">
    <subfield code="5">2013-10-26</subfield>
    <subfield code="b">NLR01</subfield>
    <subfield code="c">NLR01</subfield>
    <subfield code="e">IF</subfield>
    <subfield code="f">9515209-10</subfield>
    <subfield code="k">&#x424;&#x437;01 &#x414;-6/408</subfield>
    <subfield code="o">0</subfield>
    <subfield code="r">BOOK</subfield>
    <subfield code="s">01_6408</subfield>
  </datafield>
</record>
